How Does It Feel To Be Forgotten-Selena Gomez,benny blanco(All Lyrics) - Statistics

General Stats
  • This quiz has been taken 17 times
  • The average score is 157 of 184
Answer Stats
Lyrics % Correct
be
100%
does
100%
embarrassin'
100%
feel
100%
feel?
100%
forgotten,
100%
forgotten?
100%
Forgotten
100%
Go
100%
he
100%
He
100%
How
100%
I
100%
it
100%
no
100%
now
100%
On
100%
one
100%
so
100%
to
100%
what
100%
y
100%
you
100%
you,
100%
You're
100%
at
92%
can't
92%
cry
92%
friends,
92%
him
92%
imagine
92%
in
92%
in,
92%
like
92%
Look
92%
look
92%
love
92%
loves
92%
me,
92%
one's
92%
watchin'
92%
we're
92%
were
92%
when
92%
ass
83%
big-
83%
day
83%
grin
83%
honey,
83%
hope
83%
just
83%
Talkin'
83%
thinkin'?
83%
walked
83%
heal
75%
know
75%
the
67%
likes
58%
sip
58%
way
58%
'Cause
50%
difficult
50%
isn't
50%
must
50%
red,
50%
Ruby
50%
está
42%
lockin'
42%
with
42%
And
33%
edge,
33%
eyes
33%
kisses
33%
Lipstick
33%
olvidado
33%
todo
33%
Ahora
25%
hecho,
25%
ice
25%
paradise
25%
thought,
25%
dicho
17%
(Ah-ah)
8%
No matching quizzes found
Score Distribution
Percent of People with Each Score
Percentile by Number Answered
Your Score History
You have not taken this quiz